[Event "Guernsey Challengers 48th"]
[Site "Guernsey"]
[Date "2024.10.19"]
[Round "7"]
[White "Remie, Peter"]
[Black "Reink, Geerhard"]
[Result "1/2-1/2"]
[WhiteElo "1773"]
[BlackElo "1803"]
[PlyCount "82"]
[EventDate "2024.10.13"]
[EventType "swiss"]
[EventRounds "7"]
[EventCountry "GCI"]
[SourceTitle "BritBase"]
[Source "John Saunders"]
[SourceDate "2024.12.27"]
[SourceVersion "1"]
[SourceVersionDate "2024.12.27"]
[SourceQuality "1"]

1. d4 Nf6 2. c4 g6 3. Nc3 d5 4. Nf3 Bg7 5. Bf4 c6 6. e3 Nh5 7. Bg3 Nxg3 8. hxg3 Bg4 9. cxd5 cxd5 10. Qb3 e6 11. Qxb7 Nd7 12. Bb5 Ke7 13. Qxd7+ Qxd7 14. Bxd7 Kxd7 15. Kd2 f6 16. Rac1 h5 17. Nb5 Rhc8 18. Rxc8 Rxc8 19. Rc1 Rxc1 20. Kxc1 a6 21. Nc3 g5 22. Kd2 Bxf3 23. gxf3 Bf8 24. a3 Kc6 25. e4 Bd6 26. Ke3 h4 27. gxh4 gxh4 28. f4 f5 29. exf5 exf5 30. Kf3 a5 31. a4 Bc7 32. Ne2 Bb6 33. Kg2 Kd6 34. Kh3 Bd8 35. Ng1 Bf6 36. Nf3 Ke6 37. Ne5 Kd6 38. b3 Be7 39. Nf7+ Kd7 40. Ng5 Bf6 41. Nf3 Ke6 1/2-1/2

[Event "Guernsey Challengers 48th"]
[Site "Guernsey"]
[Date "2024.10.19"]
[Round "7"]
[White "Stinson, William James"]
[Black "Flanagan, Keith"]
[Result "1/2-1/2"]
[WhiteElo "1816"]
[BlackElo "1645"]
[PlyCount "82"]
[EventDate "2024.10.13"]
[EventType "swiss"]
[EventRounds "7"]
[EventCountry "GCI"]
[SourceTitle "BritBase"]
[Source "John Saunders"]
[SourceDate "2024.12.27"]
[SourceVersion "1"]
[SourceVersionDate "2024.12.27"]
[SourceQuality "1"]

1. e4 c5 2. Nf3 Nf6 3. Nc3 Nc6 4. d4 cxd4 5. Nxd4 d5 6. exd5 Nxd5 7. Nxc6 bxc6 8. Nxd5 Qxd5 9. Qxd5 cxd5 10. Bb5+ Bd7 11. Bxd7+ Kxd7 12. O-O e6 13. Be3 Bd6 14. Rfd1 Rhc8 15. Rac1 Bc5 16. Bxc5 Rxc5 17. c3 Rac8 18. f4 Ke7 19. Rd4 Rc4 20. Rcd1 Rxd4 21. Rxd4 Rc4 22. Rxc4 dxc4 23. b4 Kd6 24. Kf2 a5 25. bxa5 f6 26. a6 Kc6 27. a7 Kb7 28. a8=Q+ Kxa8 29. Ke3 h6 30. Kd4 g5 31. fxg5 hxg5 32. Kxc4 Kb7 33. a4 Kb6 34. h3 f5 35. g3 e5 36. h4 f4 37. gxf4 gxh4 38. fxe5 h3 39. e6 h2 40. e7 h1=Q 41. e8=Q Qf1+ 1/2-1/2

[Event "Guernsey Challengers 48th"]
[Site "Guernsey"]
[Date "2024.10.19"]
[Round "7"]
[White "Jongerius, Marc"]
[Black "Bakkes, Frits"]
[Result "1-0"]
[WhiteElo "1768"]
[BlackElo "1676"]
[PlyCount "83"]
[EventDate "2024.10.13"]
[EventType "swiss"]
[EventRounds "7"]
[EventCountry "GCI"]
[SourceTitle "BritBase"]
[Source "John Saunders"]
[SourceDate "2024.12.27"]
[SourceVersion "1"]
[SourceVersionDate "2024.12.27"]
[SourceQuality "1"]

1. e4 c5 2. Nf3 d6 3. c3 Nf6 4. Be2 g6 5. O-O Bg7 6. d3 O-O 7. Be3 Ng4 8. Bd2 Nc6 9. Qc1 Bd7 10. h3 Nge5 11. Bh6 b5 12. Bxg7 Nxf3+ 13. Bxf3 Kxg7 14. Qe3 e5 15. Nd2 a5 16. a3 a4 17. Bd1 f5 18. f4 exf4 19. Qxf4 Ne5 20. Be2 Ra7 21. d4 g5 22. Qf2 Ng6 23. dxc5 dxc5 24. Qxc5 Rc7 25. Qd4+ Kh6 26. Rad1 Nf4 27. Bf3 fxe4 28. Nxe4 Qe7 29. Rfe1 Bxh3 30. Qd6+ Qxd6 31. Rxd6+ Be6 32. g3 Ng6 33. Kg2 g4 34. Bd1 Bf5 35. Rh1+ Kg7 36. Ng5 Ne5 37. Rxh7+ Bxh7 38. Ne6+ Kf7 39. Nxc7 Ke7 40. Re6+ Kd7 41. Rxe5 Kxc7 42. Re7+ 1-0

[Event "Guernsey Challengers 48th"]
[Site "Guernsey"]
[Date "2024.10.19"]
[Round "7"]
[White "Collins, Alan"]
[Black "Jacobs, Simon"]
[Result "1/2-1/2"]
[WhiteElo "1696"]
[BlackElo "1737"]
[PlyCount "30"]
[EventDate "2024.10.13"]
[EventType "swiss"]
[EventRounds "7"]
[EventCountry "GCI"]
[SourceTitle "BritBase"]
[Source "John Saunders"]
[SourceDate "2024.12.27"]
[SourceVersion "1"]
[SourceVersionDate "2024.12.27"]
[SourceQuality "1"]

1. d4 d5 2. Nf3 c6 3. c3 Nf6 4. Bf4 Qb6 5. Qb3 Bf5 6. h3 Nbd7 7. e3 Qxb3 8. axb3 h6 9. Nbd2 e6 10. Be2 Be7 11. O-O O-O 12. Ne5 Nxe5 13. Bxe5 a6 14. b4 Nd7 15. Bh2 Bh7 1/2-1/2

[Event "Guernsey Challengers 48th"]
[Site "Guernsey"]
[Date "2024.10.19"]
[Round "7"]
[White "Rijsdijk, Peter"]
[Black "Goman, Colin"]
[Result "1-0"]
[WhiteElo "1858"]
[BlackElo "1716"]
[PlyCount "43"]
[EventDate "2024.10.13"]
[EventType "swiss"]
[EventRounds "7"]
[EventCountry "GCI"]
[SourceTitle "BritBase"]
[Source "John Saunders"]
[SourceDate "2024.12.27"]
[SourceVersion "1"]
[SourceVersionDate "2024.12.27"]
[SourceQuality "1"]

1. Nc3 e5 2. Nf3 d6 3. h3 h6 4. e3 a6 5. a4 Nf6 6. Bc4 Be6 7. Bxe6 fxe6 8. Nh4 Kd7 9. Ng6 Rg8 10. d4 d5 11. Nxe5+ Kc8 12. O-O Nbd7 13. Ng6 Bd6 14. f4 Kb8 15. Bd2 Qe8 16. Ne5 g5 17. Nxd7+ Nxd7 18. fxg5 Qg6 19. Qe2 Qxg5 20. e4 Qg3 21. e5 Qxh3 22. exd6 1-0

[Event "Guernsey Challengers 48th"]
[Site "Guernsey"]
[Date "2024.10.19"]
[Round "7"]
[White "Curran, David P"]
[Black "Poldermans, Daan"]
[Result "1/2-1/2"]
[WhiteElo "1675"]
[BlackElo "1761"]
[PlyCount "28"]
[EventDate "2024.10.13"]
[EventType "swiss"]
[EventRounds "7"]
[EventCountry "GCI"]
[SourceTitle "BritBase"]
[Source "John Saunders"]
[SourceDate "2024.12.27"]
[SourceVersion "1"]
[SourceVersionDate "2024.12.27"]
[SourceQuality "1"]

1. d4 Nf6 2. c4 e6 3. Nf3 Bb4+ 4. Bd2 a5 5. g3 O-O 6. Bg2 Qe7 7. Qc2 d6 8. Nc3 Bxc3 9. Bxc3 Bd7 10. O-O Bc6 11. Rfe1 Ne4 12. Nd2 Nxc3 13. Bxc6 Nxe2+ 14. Rxe2 Nxc6 1/2-1/2

[Event "Guernsey Challengers 48th"]
[Site "Guernsey"]
[Date "2024.10.19"]
[Round "7"]
[White "Bennett, David"]
[Black "Harnden, Terry"]
[Result "0-1"]
[WhiteElo "1615"]
[BlackElo "1724"]
[PlyCount "88"]
[EventDate "2024.10.13"]
[EventType "swiss"]
[EventRounds "7"]
[EventCountry "GCI"]
[SourceTitle "BritBase"]
[Source "John Saunders"]
[SourceDate "2024.12.27"]
[SourceVersion "1"]
[SourceVersionDate "2024.12.27"]
[SourceQuality "1"]

1. Nf3 c5 2. c3 d6 3. d4 cxd4 4. cxd4 Nf6 5. Bf4 g6 6. Nbd2 Bg7 7. e3 O-O 8. h3 Nc6 9. a3 a6 10. Be2 b5 11. b4 Bb7 12. O-O Re8 13. Qb3 e5 14. Bg5 exd4 15. e4 Qb6 16. Bd3 Ne5 17. Nxe5 dxe5 18. Rac1 Rac8 19. Rc2 Rxc2 20. Qxc2 Rc8 21. Qb3 Rc3 22. Qb1 Qc7 23. Re1 Nh5 24. g3 f6 25. g4 Nf4 26. Bxf4 exf4 27. Nf3 Qd6 28. Qa2+ Kh8 29. Rd1 Bc8 30. Be2 d3 31. Bf1 Be6 32. Qa1 f5 33. Rd2 fxe4 34. Ng5 Bd5 35. Qd1 h6 36. Nxe4 Bxe4 37. Qe1 Qe5 38. h4 h5 39. g5 Rxa3 40. Qc1 Rc3 41. Qa1 Qe6 42. Qa5 Qg4+ 43. Kh2 Qxh4+ 44. Bh3 Rc1 0-1